Odas de Horacio
Saved in:
| Main Authors: | , |
|---|---|
| Format: | Bog |
| Sprog: | spansk |
| Udgivet: |
Santiago
Imprenta Cervantes
1899
|
| Udgivelse: | 2a. ed |
| Fag: | |
| Tags: |
Tilføj Tag
Ingen Tags, Vær først til at tagge denne postø!
|
MARC
| LEADER | 00000nam a2200000 a 4500 | ||
|---|---|---|---|
| 001 | UCJ3454 | ||
| 003 | CL-VaPUC | ||
| 008 | 070124e18990000CL |||||||||||||||||spa|d | ||
| 082 | 0 | 4 | |a Ch861 |b BAR |2 21 |
| 100 | 0 | |a Barra, Eduardo de la |e author |9 390300 | |
| 700 | |a Horacio |e author |9 267078 | ||
| 245 | 1 | 0 | |a Odas de Horacio |
| 250 | |a 2a. ed | ||
| 300 | |a 150 p | ||
| 942 | |c BK | ||
| 945 | |d 20070124 00:00:00 |a rinostro | ||
| 260 | |a Santiago |b Imprenta Cervantes |c 1899 | ||
| 500 | |a Separata de los Anales de la Universidad de Chile | ||
| 500 | |a Por tratarse de Eduardo de la Barra, está junto a Colección Literatura chilena | ||
| 600 | 0 | |a Horacio |9 267078 | |
| 650 | 0 | |a Literatura |9 259151 | |
| 650 | 0 | |a Poesía latina |9 341307 | |
| 650 | 0 | |a Traducciones |9 453516 | |
| 650 | 0 | |a Crítica literaria |9 269189 | |
| 650 | 7 | |a CLASICOS LATINOS |2 CL-VaPUC |9 505304 | |
| 583 | |a last modification |c 20070124 00:00:00 |k Rodrigo Vera | ||
| 999 | |c 319576 |d 319574 | ||
| 952 | |0 0 |1 0 |4 0 |6 CH_861_000000000000000_BAR_1899 |7 0 |8 X |9 397926 |a FDOBUD |b FDOBUD |d 2019-11-22 |i 1002112 |o Ch861 BAR 1899 |p 1002112 |r 2019-11-22 |w 2019-11-22 |y BK_X |k BUD | ||